00273nam a22000857a 4500008004100000082001600041245007800057260004300135300000900178230703b xxu||||| |||| 00| 0 eng d a342.47bSOV aConstitution (Fundamental law) of the union of Soviet Socialist republics aMoscowbNovosti press Agencycoct 1977 a125p